000
00309nam a22001337a 4500
008
171031b xxu||||| |||| 00| 0 eng d
020
_a
9780077323134
041
_a
eng
080
_2
3RD
_a
33
100
_a
59
101
_a
BUS
245
_a
ESSENTIALS OF BUSINESS STATISTICS
_c
BOWERMAN,B.L
942
_2
udc
_c
BK
999
_c
36871
_d
36871